| 000 | 00561nam a22001817a 4500 | ||
|---|---|---|---|
| 999 |
_c207057 _d207057 |
||
| 005 | 20210512172313.0 | ||
| 008 | 210512b ||||| |||| 00| 0 eng d | ||
| 020 | _a9780745968513 | ||
| 040 | _cDLC | ||
| 050 |
_aPR 4575 HOO _b2017 |
||
| 100 |
_aHooper, Keith. _d1812 - 1870 |
||
| 245 |
_aCharles Dickens: _b|b Faith, Angels and the poor/ _c|c Keith Hooper. _hPrint |
||
| 260 |
_aOxford: _bLion Books, _c2017. |
||
| 300 |
_a239 pages. ; _c|c 20cm |
||
| 504 | _aIncludes bibliographical references. | ||
| 650 | _aDickens, Charles 1812 - 1812. | ||
| 942 | _cBOOK | ||